000 00488nam a2200157 4500
999 _c6726
_d6726
008 170426b xxu||||| |||| 00| 0 eng d
022 _a0119-9000
082 _aDPer 641.505 C77 Jan-June 2013 v.13-14
100 _920364
_aSalonga, Day.
245 _aThe healthy choice/
_cDay Salonga.
260 _aPhilippines:
_bUBM Medica,
_c©Jan-June 2013.
300 _av13 n10, pages 80-81:
_billustrations;
_c29 cm.
500 _aCook.
650 0 _920365
_aCooking
_xMenu
942 _2ddc
_cPER